000
00291nam a2200109Ia 4500
008
230907s9999||||xx |||||||||||||| ||und||
082
_a
621.67
_b
TUR
245
0
_a
Turbopumps and pumping systems /
260
_a
Springer,
_b
Berlin ; | New York :
_c
2008
300
_a
xxv, 184 p. :
942
_c
BK
999
_c
598554
_d
598554